000
00315nam a2200121Ia 4500
008
230511s1982 xx 000 0 und d
041
_a
eng
082
_a
348.044
100
_a
Agarwalla
245
_a
Supreme Court Digest
260
_a
New Delhi
_b
Metropolitan Book Company
_c
1982
906
_a
Supreme Court Cases
999
_c
353859
_d
353859